[Event "Challenge"]
[Site "http://www.queenalice.com/game.php?id=399748"]
[Date "2008.5.8"]
[Round "-"]
[White "Italopj"]
[Black "diegmr2008"]
[Result "1-0"]
[WhiteElo "1156"]
[BlackElo "1468"]

1. e4 e5 2. c4 Nc6 3. Nc3 Bc5 4. Qa4 Nf6 5. Qb5 Bb4 6. Nd5 Be7 7. Qb3 Nd4 8. Qd3
O-O 9. Be2 c6 10. Nxf6+ Bxf6 11. Nf3 Ne6 12. O-O Nc5 13. Qd6 Nxe4 14. Qd3 Nc5
15. Qf5 d6 16. Qh5 Be6 17. b4 Na6 18. Bd3 h6 19. Nh4 Nxb4 20. Be4 Bxh4 21. d4
exd4 22. Bxh6 g6 23. Bxg6 1-0

[Event "troxa"]
[Site "http://www.queenalice.com/game.php?id=399982"]
[Date "2008.5.8"]
[Round "-"]
[White "alvinho"]
[Black "Italopj"]
[Result "1-0"]
[WhiteElo "1135"]
[BlackElo "1500"]

1. e4 c5 2. Bc4 Qa5 3. Qf3 Nf6 4. g4 e5 5. g5 Ng8 6. Qxf7+ Kd8 7. Qxf8+ Kc7 8.
Qxg7 Qb4 9. b3 h6 10. Qxe5+ Kb6 11. Qxh8 d5 12. Bxd5 Qd4 13. Qxg8 Qxa1 14. Qd8+
Kb5 15. Nc3+ Kb4 16. a3+ Qxa3 17. Bxa3+ Kxa3 18. Qa5+ Kb2 19. Qa2+ Kc1 20. Qb1#
1-0

[Event "troxa 2"]
[Site "http://www.queenalice.com/game.php?id=399983"]
[Date "2008.5.8"]
[Round "-"]
[White "Italopj"]
[Black "alvinho"]
[Result "0-1"]
[WhiteElo "1199"]
[BlackElo "1256"]

1. d4 Nc6 2. c3 e5 3. Nh3 exd4 4. cxd4 Bb4+ 5. Nc3 Bxc3+ 6. bxc3 d6 7. Qd3 Nf6
8. Bg5 O-O 9. e4 a5 10. Nf4 Qe8 11. Bxf6 gxf6 12. Nd5 Qd8 13. Qg3+ Kh8 14. Bc4
Be6 15. Bb5 Rg8 16. Bxc6 Rxg3 17. hxg3 bxc6 18. Nf4 d5 19. Rh6 dxe4 20. O-O-O
Bxa2 21. Nh5 f5 22. Rf6 Rb8 23. Rxf5 Rb1+ 24. Kd2 Rxd1+ 25. Kxd1 Qb8 26. Rxf7
Bxf7 27. Nf6 a4 28. Nd7 Qb3+ 29. Kd2 a3 30. Nc5 Qb2+ 31. Ke3 Qxc3+ 32. Kf4 Qxd4
33. Nxe4 a2 34. g4 a1=Q 35. Kf5 Qe5# 0-1

[Event "AUTO-INT-895"]
[Site "http://www.queenalice.com/game.php?id=400278"]
[Date "2008.5.9"]
[Round "1"]
[White "I_might_be_a_duck"]
[Black "Italopj"]
[Result "1-0"]
[WhiteElo "1600"]
[BlackElo "1118"]

1. e4 e5 2. f4 exf4 3. Nf3 c5 4. Bc4 Qa5 5. O-O d6 6. Ng5 Qd8 7. Bxf7+ Ke7 8. d3
Nf6 9. Bc4 Ng4 10. Bxf4 Qb6 11. e5 dxe5 12. Re1 Qxb2 13. Nd2 Qd4+ 14. Be3 Nxe3
15. Rxe3 Qxe3+ 16. Kh1 Qxg5 17. Nf3 Qf4 18. Qe1 Bh3 19. Nxe5 Qg5 20. Nf3+ Kf6
21. Nxg5 h6 22. Nxh3 Bd6 23. Qe6# 1-0

[Event "AUTO-INT-895"]
[Site "http://www.queenalice.com/game.php?id=400279"]
[Date "2008.5.9"]
[Round "1"]
[White "Italopj"]
[Black "I_might_be_a_duck"]
[Result "0-1"]
[WhiteElo "1118"]
[BlackElo "1602"]

1. c3 e5 2. e4 Nf6 3. d3 Nc6 4. Bg5 Bc5 5. Nd2 h6 6. Bh4 d6 7. Qa4 Bd7 8. O-O-O
O-O 9. Qc4 a5 10. g4 Bxg4 11. Qb3 a4 12. Qxb7 Na5 13. Qb5 Bd7 14. Qb7 Nxb7 15.
Ngf3 Na5 16. Nc4 Nxc4 17. dxc4 Qe7 18. Bxf6 Qxf6 19. Nd2 Qxf2 20. b3 axb3 21.
axb3 Be3 22. h4 Bxd2+ 23. Rxd2 Qe1+ 24. Kb2 Qxd2+ 25. Kb1 Ra2 26. Bh3 Qb2# 0-1

[Event "AUTO-INT-895"]
[Site "http://www.queenalice.com/game.php?id=400294"]
[Date "2008.5.9"]
[Round "1"]
[White "rictad"]
[Black "Italopj"]
[Result "1-0"]
[WhiteElo "1703"]
[BlackElo "1289"]

1. e4 Nf6 2. e5 Ne4 3. d4 d5 4. Bd3 e6 5. Nc3 Bb4 6. Ne2 f5 7. O-O Ng5 8. Nf4
O-O 9. Bd2 Ne4 10. Nxe4 dxe4 11. Bxb4 Nc6 12. Bxf8 Qxf8 13. Bc4 Qb4 14. b3 b5
15. Bxe6+ Bxe6 16. Nxe6 Qc3 17. Nxc7 Rc8 18. Nxb5 Qb4 19. Nd6 Rf8 20. Qe1 Qxd4
21. Nc4 Nxe5 22. Nxe5 Qxe5 23. Qe3 Rf6 24. Qxa7 Rg6 25. Rad1 h5 26. Rd8+ Kh7 27.
Qa8 Kh6 28. f4 Qc3 29. Rh8# 1-0

[Event "AUTO-INT-895"]
[Site "http://www.queenalice.com/game.php?id=400295"]
[Date "2008.5.9"]
[Round "1"]
[White "Italopj"]
[Black "rictad"]
[Result "0-1"]
[WhiteElo "1325"]
[BlackElo "1701"]

1. c4 e5 2. Na3 Bc5 3. Nb5 c6 4. Na3 Qf6 5. f4 exf4 6. Nf3 Ne7 7. e4 d6 8. Qb3
Be6 9. Qxb7 Bb6 10. Qxa8 O-O 11. Qb7 Nd7 12. Qa6 Nc5 13. Qxb6 axb6 14. Be2 Qg6
15. Nh4 Qg5 16. Nf3 Qxg2 17. Rg1 Qh3 18. Ng5 Qxh2 19. Nf3 Qh5 20. Ng5 Qh4+ 21.
Kd1 Ng6 22. Nf3 Qf6 23. Ng5 Ne5 24. d4 Nxc4 25. Nxc4 Qxd4+ 26. Ke1 Qxg1+ 0-1

[Event "AUTO-INT-895"]
[Site "http://www.queenalice.com/game.php?id=400304"]
[Date "2008.5.9"]
[Round "1"]
[White "SGF"]
[Black "Italopj"]
[Result "1-0"]
[WhiteElo "1654"]
[BlackElo "1199"]

1. e4 e5 2. Qh5 Bc5 3. Qxe5+ Qe7 4. Qxe7+ Nxe7 5. Nf3 O-O 6. Bc4 Nec6 7. c3 Re8
8. d3 Na5 9. O-O d6 10. Ng5 Be6 11. Bxe6 fxe6 12. Be3 Nbc6 13. b4 h6 14. Nf3 Ne5
15. Bxc5 dxc5 16. Nxe5 cxb4 17. cxb4 Nc6 18. Nxc6 bxc6 19. Nd2 Rad8 20. Nf3 Rxd3
21. Ne5 Rd4 22. Nxc6 Rxe4 23. b5 g5 24. Nxa7 Ra8 25. Nc6 Rea4 26. Rfe1 Rxa2 27.
Rxa2 Rxa2 28. Nd4 e5 29. Nf5 h5 30. g3 h4 31. gxh4 gxh4 32. Nxh4 Rb2 33. Rxe5
Rb1+ 34. Kg2 Rb4 35. Nf5 Rg4+ 36. Kf3 Rb4 37. Ne7+ Kf7 38. Nc8 Kf6 39. Rc5 Ke6
40. Ke3 Kd7 41. Na7 Ra4 42. Nc6 Rh4 43. Nb8+ Kd6 44. Na6 Rxh2 45. Rxc7 Rh6 46.
Rc6+ Kd5 47. Rxh6 Ke5 48. b6 Kf5 49. b7 Kg5 50. Rc6 Kg4 51. b8=Q Kh3 52. Qg3#
1-0

[Event "AUTO-INT-895"]
[Site "http://www.queenalice.com/game.php?id=400305"]
[Date "2008.5.9"]
[Round "1"]
[White "Italopj"]
[Black "SGF"]
[Result "0-1"]
[WhiteElo "1118"]
[BlackElo "1669"]

1. Na3 e5 2. d3 Qf6 3. Nf3 Bc5 4. Nb5 Na6 5. Nxc7+ Nxc7 6. e4 d6 7. Bg5 Qg6 8.
Be2 h6 9. Bd2 Qxg2 10. Ba5 b6 11. Qd2 Qxh1+ 12. Ng1 Qxg1+ 13. Bf1 bxa5 14. Qxa5
Qxf2+ 15. Kd1 Qxf1+ 16. Qe1 Bg4+ 17. Kd2 Qf4+ 18. Kc3 Bd4+ 19. Kc4 Rb8 20. Qa5
Be6+ 21. Qd5 Bxd5+ 22. exd5 Bxb2+ 23. d4 Qxd4# 0-1

[Event "loirinha linda"]
[Site "http://www.queenalice.com/game.php?id=429914"]
[Date "2008.7.8"]
[Round "-"]
[White "Italopj"]
[Black "lilian"]
[Result "1-0"]
[WhiteElo "1307"]
[BlackElo "1123"]

1. e3 Nc6 2. Bb5 e5 3. Qg4 Nh6 4. Qe4 d6 5. d4 f5 6. Qd5 Be7 7. Bxc6+ bxc6 8.
Qxc6+ Bd7 9. Qc3 O-O 10. dxe5 dxe5 11. Qxe5 Bb4+ 12. Bd2 Bc5 13. Bc3 Re8 14.
Qxg7# 1-0

[Event "Challenge"]
[Site "http://www.queenalice.com/game.php?id=434442"]
[Date "2008.7.17"]
[Round "-"]
[White "Italopj"]
[Black "kiel"]
[Result "1-0"]
[WhiteElo "1213"]
[BlackElo "1332"]

1. Nh3 d6 2. e3 e5 3. Bb5+ c6 4. Ba4 Nh6 5. d4 e4 6. d5 b5 7. Bb3 c5 8. Qh5 Qa5+
9. Bd2 b4 10. c3 bxc3 11. Bxc3 Qc7 12. O-O Bg4 13. Qh4 Be7 14. Qg3 c4 15. Na3
cxb3 16. Nb5 Qc5 17. Nd4 Bxh3 18. Qxg7 Bxg2 19. Qxh8+ Bf8 20. Kxg2 Qxd5 21. Qxh7
Qg5+ 22. Kh1 Na6 23. Qxe4+ Qe5 24. Qc6+ Ke7 25. Qxa8 Nc7 26. Nc6+ Ke6 27. Nxe5
1-0

[Event "Challenge"]
[Site "http://www.queenalice.com/game.php?id=438693"]
[Date "2008.7.25"]
[Round "-"]
[White "Italopj"]
[Black "polianaalves"]
[Result "1-0"]
[WhiteElo "1289"]
[BlackElo "759"]

1. Nh3 d5 2. e3 Nf6 3. Ng5 h6 4. Nf3 g5 5. c3 b5 6. Bxb5+ Bd7 7. Qa4 c6 8. Bd3
a5 9. Qd4 g4 10. Ne5 Be6 11. e4 Na6 12. Nxc6 Qc8 13. Bb5 dxe4 14. Na7+ Qd7 15.
Bxd7+ Kd8 16. Bxe6+ Kc7 17. Nb5+ Kb7 18. Bxf7 Rh7 19. Bd5+ Kb8 20. Bxa8 Nh5 21.
Qd8# 1-0

[Event "vou t arrebentar"]
[Site "http://www.queenalice.com/game.php?id=448291"]
[Date "2008.8.13"]
[Round "-"]
[White "alvinho"]
[Black "Italopj"]
[Result "1-0"]
[WhiteElo "1339"]
[BlackElo "1265"]

1. e4 e6 2. Bc4 Qf6 3. d3 Bc5 4. Nh3 Nh6 5. f3 d5 6. exd5 Qh4+ 7. Ke2 exd5 8.
Be3 Qe7 9. d4 Bb6 10. Bxd5 Nf5 11. Be4 Nd6 12. Nc3 Nc6 13. Nd5 Qh4 14. Nxb6 cxb6
15. Bxc6+ bxc6 16. Qe1 Qxe1+ 17. Raxe1 Bxh3 18. gxh3 O-O 19. Reg1 1-0